<?xml version="1.0" encoding="UTF-8"?>
<record
    xmlns:xsi="http://www.w3.org/2001/XMLSchema-instance"
    xsi:schemaLocation="http://www.loc.gov/MARC21/slim http://www.loc.gov/standards/marcxml/schema/MARC21slim.xsd"
    xmlns="http://www.loc.gov/MARC21/slim">

  <leader>00761nam a2200229 a 4500</leader>
  <controlfield tag="003">DO-SdBNP</controlfield>
  <controlfield tag="005">20240430192715.0</controlfield>
  <controlfield tag="007">ta</controlfield>
  <controlfield tag="008">220209e1940    es ||||fr|||| 001 0 fre d</controlfield>
  <datafield tag="040" ind1=" " ind2=" ">
    <subfield code="a">DO-SdBNP</subfield>
    <subfield code="b">spa</subfield>
    <subfield code="c">BNPHU</subfield>
  </datafield>
  <datafield tag="041" ind1=" " ind2=" ">
    <subfield code="h">fre</subfield>
  </datafield>
  <datafield tag="082" ind1=" " ind2="4">
    <subfield code="2">22</subfield>
    <subfield code="b">C141e</subfield>
  </datafield>
  <datafield tag="245" ind1="1" ind2="0">
    <subfield code="a">Essai de traitement de la l&#xE9;pre par l'oxyg&#xE8;ne sous pression. </subfield>
    <subfield code="b">(M&#xE9;thode de A.O.de Almeida.).</subfield>
    <subfield code="c">Elias Calac</subfield>
  </datafield>
  <datafield tag="260" ind1=" " ind2=" ">
    <subfield code="a">Saint- German, Paris :</subfield>
    <subfield code="b">Libraire le Fran&#xE7;ois</subfield>
    <subfield code="c">1940</subfield>
  </datafield>
  <datafield tag="300" ind1=" " ind2=" ">
    <subfield code="a">61 p. ;</subfield>
    <subfield code="c">25 cm.</subfield>
  </datafield>
  <datafield tag="500" ind1=" " ind2=" ">
    <subfield code="a">Incluye &#xED;ndice.</subfield>
  </datafield>
  <datafield tag="504" ind1=" " ind2=" ">
    <subfield code="a">Bibliograf&#xED;a: p. 58-61</subfield>
  </datafield>
  <datafield tag="650" ind1=" " ind2="4">
    <subfield code="9">36780</subfield>
    <subfield code="a">Tesis y Disertaciones Acad&#xE9;micas</subfield>
    <subfield code="z">Par&#xED;s</subfield>
  </datafield>
  <datafield tag="650" ind1=" " ind2="0">
    <subfield code="a">Tesis y disertaciones acad&#xE9;micas </subfield>
    <subfield code="v">Tesis y Disertaciones Acad&#xE9;micas</subfield>
    <subfield code="9">19630</subfield>
  </datafield>
  <datafield tag="910" ind1=" " ind2=" ">
    <subfield code="a">MF&#xE9;liz</subfield>
  </datafield>
  <datafield tag="942" ind1=" " ind2=" ">
    <subfield code="2">ddc</subfield>
    <subfield code="c">LFM</subfield>
  </datafield>
  <datafield tag="952" ind1=" " ind2=" ">
    <subfield code="0">0</subfield>
    <subfield code="1">0</subfield>
    <subfield code="2">ddc</subfield>
    <subfield code="5">1</subfield>
    <subfield code="7">0</subfield>
    <subfield code="8">GR-RV</subfield>
    <subfield code="a">BNPHU</subfield>
    <subfield code="b">BNPHU</subfield>
    <subfield code="c">HD</subfield>
    <subfield code="d">1980-01-07</subfield>
    <subfield code="l">0</subfield>
    <subfield code="o">C141e</subfield>
    <subfield code="p">2022-0713</subfield>
    <subfield code="r">2022-02-09</subfield>
    <subfield code="w">2022-02-09</subfield>
    <subfield code="y">LFM</subfield>
    <subfield code="z">Ejemplar autografiado</subfield>
  </datafield>
  <datafield tag="999" ind1=" " ind2=" ">
    <subfield code="c">51394</subfield>
    <subfield code="d">51394</subfield>
  </datafield>
</record>
